Könyv a szegedi kabaré történetéről megjelent Sándor János új kötete

Elmentve itt :
Bibliográfiai részletek
Dokumentumtípus: Cikk
Megjelent: 2010-06-05
Sorozat:Délmagyarország 100 No. 129
Kulcsszavak:Sándor János Zengerájtól a kabaréig, Szeged, Könyvbemutató, Eseménynaptár Szeged 2010. 06.
Online Access:http://dmarchiv.bibl.u-szeged.hu/142986
LEADER 00539nab a2200145 i 4500
001 delm142986
005 20200210113705.0
008 200210s2010 hu o 0|| hun d
040 |a SZTE Délmagyarország Archívum  |b hun 
041 |a hun 
245 0 0 |a Könyv a szegedi kabaré történetéről   |h [elektronikus dokumentum] :  |b megjelent Sándor János új kötete 
260 |c 2010-06-05 
300 |a 9 
490 0 |a Délmagyarország  |v 100 No. 129 
695 |a Sándor János Zengerájtól a kabaréig, Szeged, Könyvbemutató, Eseménynaptár Szeged 2010. 06.